000 00549nam a2200193Ia 4500
005 20250508152909.0
008 008 250505s9999 xx 000 0 eng d
037 _aTextual
040 _aFEDL
_beng
_cFEDL
041 _aeng
_2eng
084 _a370.196, RED
_qFEDL
100 _aRedden John D.
_9762685
245 0 _aIntercultural education
260 _aMilwaukee
_bThe Bruce Publishing Company
_c1951
300 _aix,180p
700 _a Ryan Francis A.
_9762686
942 _cTEXL
_h370.196, RED
999 _c1339478
_d1339478